| 000 | 00604aab a2200193 4500 | ||
|---|---|---|---|
| 001 | 768714001 | ||
| 003 | CO-MdFUSB | ||
| 005 | 20240613105010.0 | ||
| 008 | 170522s1999 cr ||||| |||| 00| 0 spa d | ||
| 022 | _a1409-1968 | ||
| 040 |
_aCO-MdFUSB _bspa _cCO-MdFUSB _dCO-MdFUSB |
||
| 041 | _aspa | ||
| 100 | 1 |
_aLibert, Samuel O. _eautor |
|
| 245 | 1 | 0 |
_aDecálogo técnico del llamado _c/ Samuel O. Libert |
| 300 |
_aVolumen 16. Número 4 (1999), página 14 _c: 27 cm. |
||
| 773 | 0 |
_tApuntes Pastorales _049442 _960164 _gVolumen 16, número 4 (1999), páginas: 14 _qPágina 14 |
|
| 942 | _cANA | ||
| 945 | _aJTF-925 | ||
| 999 |
_c59745 _d59745 |
||